La globalización: consecuencias humanas

Saved in:
Bibliografiske detaljer
Hovedforfatter: Bauman, Zygmunt (Author)
Format: Bog
Sprog:spansk
Udgivet: Ciudad de México Fondo de Cultura Económica 2001
Udgivelse:2a. ed
Serier:Colección Sociología
Fag:
Tags: Tilføj Tag
Ingen Tags, Vær først til at tagge denne postø!

MARC

LEADER 00000nam a2200000 a 4500
001 UCI3482
003 CL-VaPUC
008 071102e20010000MX |||||||||||||||||spa|d
020 |a 968165210X 
082 0 4 |a 303.4  |b BAU  |2 21 
100 0 |a Bauman, Zygmunt  |e author  |9 524827 
245 1 3 |a La globalización: consecuencias humanas 
250 |a 2a. ed 
300 |a 171 p 
942 |c BK 
945 |d 20071102 00:00:00  |a jtorresc 
260 |a Ciudad de México  |b Fondo de Cultura Económica  |c 2001 
650 0 |a Cambio social   |9 256857 
650 0 |a Psicología social   |9 222894 
650 0 |a Globalización  |9 361930 
650 0 |a Desarrollo económico y social   |9 256320 
650 0 |a Problemas sociales  |9 258537 
583 |a last modification  |c 20071102 00:00:00  |k Rodrigo Vera 
490 0 |a Colección Sociología 
999 |c 327658  |d 327656 
952 |0 0  |1 0  |4 0  |6 303_400000000000000_BAU_2001  |7 0  |8 A  |9 410792  |a BIBCUR  |b BIBCUR  |d 2019-11-22  |i 4385586  |o 303.4 BAU 2001  |p 4385586  |r 2025-04-22  |w 2019-11-22  |y BK  |k PER